| 000 | 01149cam a22002771i 4500 | ||
|---|---|---|---|
| 003 | SA-RiAUC | ||
| 005 | 20250510170039.0 | ||
| 008 | 250510s1973 le f b 00010 ara c | ||
| 040 |
_aSA-MdTU _bara _cSA-RiAUC _erda |
||
| 082 | 0 | 4 |
_a001.42 _qSA-RiAUC |
| 090 |
_a001.42 _bم ل ح |
||
| 100 | 1 |
_aملحس، ثريا عبد الفتاح، _d1925-2013 _eمؤلف. |
|
| 245 | 1 | 0 |
_aمنهج البحوث العلمية للطلاب الجامعيين / _cثريا عبد الفتاح ملحس. |
| 250 | _aالطبعة الثانية. | ||
| 264 | 1 |
_aبيروت : _bمكتبة المدرسة : _bدار الكتاب اللبناني، _c1973 |
|
| 300 |
_a154 صفحة ؛ _c22 سم |
||
| 336 |
_aنص _btxt _2rdacontent _3كتاب |
||
| 337 |
_aبدون وسيط _bn _2rdamedia |
||
| 338 |
_aمجلد _bnc _2rdacarrier |
||
| 504 | _aببليوجرافية : صفحة 152-154. | ||
| 504 | _aيشتمل على إرجاعات ببليوجرافية. | ||
| 521 | _aموجه للطلاب الجامعيين. | ||
| 650 | 7 |
_aطرق البحث _xدراسة وتعليم (عالي) _2aucsh |
|
| 942 |
_2ddc _cBOOK _n0 |
||
| 949 |
_aSA-JeALM _d250510 _umohamedma123 _n1 |
||
| 999 |
_c7775 _d7775 |
||